Vyhláška Ministerstva financií SR z 12. marca 1996

Vyhláška Ministerstva financií Slovenskej republiky z 12.3.1996, ktorou sa vykonáva zákon Národnej rady Slovenskej republiky č. 18/1996 Z.z. o cenách.

Gespeichert in:
Bibliographische Detailangaben
Format: Buchkapitel
Sprache:Slowakisch
Schlagworte:
Tags: Tag hinzufügen
Keine Tags, Fügen Sie das erste Tag hinzu!

MARC

LEADER 00000naa a2200000 4500
001 r021163
005 20230801104656.9
041 0 |a slo 
044 |a SK 
245 1 0 |a Vyhláška Ministerstva financií SR z 12. marca 1996 
520 |a Vyhláška Ministerstva financií Slovenskej republiky z 12.3.1996, ktorou sa vykonáva zákon Národnej rady Slovenskej republiky č. 18/1996 Z.z. o cenách. 
610 2 0 |a Slovensko 
610 2 0 |a 1996 
610 2 0 |a ceny 
610 2 0 |a vyhlášky 
610 2 0 |a MF SR Bratislava